[Event "IBM-B"]
[Site "Amsterdam"]
[Date "1978.??.??"]
[Round "1"]
[White "Van der Sterren, Paul"]
[Black "Kirov, Nino"]
[Result "0-1"]
[WhiteElo "2400"]
[BlackElo "2465"]

1.d4 Nf6 2.c4 g6 3.Nc3 d5 4.cxd5 Nxd5 5.e4 Nxc3 6.bxc3 Bg7 7.Bc4 O-O 8.Ne2 c5
9.O-O Nc6 10.Be3 cxd4 11.cxd4 Na5 12.Bd3 Nc6 13.Bb5 Bd7 14.Rb1 e6 15.Bd3 Bc8
16.e5 b6 17.Ng3 Bb7 18.Ne4 Nxd4 19.Nd6 Bxg2 20.Bxd4 Bxf1 21.Bxf1 Qg5+ 22.Bg2 Rad8
23.Ne4 Qf4 24.Qa4 Bxe5 25.Bxe5 Qxe5 26.Qxa7 Rd4 27.Qb7 Rfd8 28.Bf3 Qf4 29.Kg2 Rd3
30.Be2 R3d7 31.Qc6 Rc7 32.Nf6+ Kg7  0-1

[Event "Amsterdam zt"]
[Site "Amsterdam"]
[Date "1978.??.??"]
[Round "2"]
[White "Stean, Michael"]
[Black "Morrison, Graham"]
[Result "1-0"]
[WhiteElo "2510"]
[BlackElo "2230"]

1.d4 Nf6 2.c4 g6 3.Nc3 d5 4.cxd5 Nxd5 5.e4 Nxc3 6.bxc3 Bg7 7.Nf3 c5 8.Be2 cxd4
9.cxd4 Nc6 10.Be3 Qa5+ 11.Bd2 Qa3 12.d5 Ne5 13.Nxe5 Bxe5 14.Bb5+ Bd7 15.Bxd7+ Kxd7
16.Rb1 Qa6 17.Qg4+ Ke8 18.Qe2 Qxe2+ 19.Kxe2 b6 20.f4 Bd4 21.Bb4 Rc8 22.Kd3 Bg7
23.e5 Kd7 24.e6+ fxe6 25.Rhe1 a5 26.dxe6+ Kc6 27.Bxe7 Rhe8 28.Bh4 Kb7 29.e7 h6
30.Re6 Rc6 31.Rbe1 Rc3+ 32.Ke2  1-0

[Event "IBM"]
[Site "Amsterdam"]
[Date "1978.??.??"]
[Round "3"]
[White "Nikolac, Juraj"]
[Black "Hort, Vlastimil"]
[Result "0-1"]
[WhiteElo "2495"]
[BlackElo "2620"]

1.d4 Nf6 2.c4 g6 3.Nc3 d5 4.cxd5 Nxd5 5.e4 Nxc3 6.bxc3 Bg7 7.Bc4 c5 8.Ne2 O-O
9.O-O Nc6 10.Be3 Bg4 11.f3 Na5 12.Bd3 cxd4 13.cxd4 Be6 14.d5 Bxa1 15.Qxa1 f6
16.Rb1 Bd7 17.Nf4 Qb8 18.Qc3 b6 19.Ba6 Qd6 20.Nd3 Bc8 21.Bb5 Bb7 22.Nf4 Rfc8
23.Qd3 a6 24.Ba4 b5 25.Bd1 Nc4 26.Ne6 Nxe3 27.Qxe3 Kh8 28.f4 Qb8 29.Qa3 Re8
30.Qa5 Qa7+ 31.Kh1 Qe3 32.Bf3 Rac8 33.h3 Rc1+ 34.Rxc1 Qxc1+ 35.Kh2 Bc8 36.Qc7 Qxc7
37.Nxc7 Rd8 38.e5 fxe5 39.fxe5 Kg7 40.Kg3 Kf7 41.Kf4 Bb7 42.Kg5 Bc8 43.Kh6 Kg8
44.d6 exd6 45.e6 Kf8 46.Kxh7 Ke7 47.Bd5 g5 48.Kg6 Rg8+ 49.Kf5 Rf8+ 50.Kxg5 Rf2
51.Bf3 Bxe6 52.h4 Bxa2 53.Nxa6 Bb1 54.Nb4 Rb2 55.Nd5+ Kf7 56.Kf4 b4 57.Ke3 Ke6
58.Nb6 Rc2 59.Kd4 Ba2 60.h5 Rc1 61.Be4 d5 62.Bf3 Rc6 63.Na4 Rc4+ 64.Kd3 Ke5
65.Nb6 Rc3+ 66.Kd2 Rc6 67.Nd7+ Kd4  0-1

[Event "URS-FL"]
[Site "Ashkhabad"]
[Date "1978.??.??"]
[Round "9"]
[White "Razuvaev, Yuri S"]
[Black "Mikhalchishin, Adrian"]
[Result "1/2-1/2"]
[WhiteElo "2465"]
[BlackElo "2460"]

1.d4 Nf6 2.c4 g6 3.Nc3 d5 4.cxd5 Nxd5 5.e4 Nxc3 6.bxc3 Bg7 7.Bc4 O-O 8.Ne2 c5
9.O-O Nc6 10.Be3 Bg4 11.f3 Na5 12.Bd5 cxd4 13.cxd4 Bd7 14.Rb1 a6 15.Bxb7 Ra7
16.Bd5 Bb5 17.a4 Bxe2 18.Qxe2 e6 19.Bc4 Bxd4 20.Rfd1 Bxe3+ 21.Qxe3 Rd7 22.Be2 Rxd1+
23.Rxd1 Qc8 24.e5 Qc6 25.Rd4 Rc8 26.h4 Qb6 27.Kf2 Nb3 28.Rc4 Qxe3+ 29.Kxe3 Rxc4
30.Bxc4  1/2-1/2

[Event "Tungsram"]
[Site "Budapest"]
[Date "1978.??.??"]
[Round "?"]
[White "Lukacs, Peter"]
[Black "Csom, Istvan"]
[Result "1/2-1/2"]
[WhiteElo "2460"]
[BlackElo "2510"]

1.d4 Nf6 2.c4 g6 3.Nc3 d5 4.cxd5 Nxd5 5.e4 Nxc3 6.bxc3 Bg7 7.Bc4 O-O 8.Ne2 b6
9.h4 Nc6 10.a3 Na5 11.Ba2 Ba6 12.h5 e5 13.hxg6 hxg6 14.Ng3 Re8 15.Qg4 Bc4
16.Qh3 Qf6 17.Qh7+ Kf8 18.Bxc4 Nxc4 19.Bh6 Bxh6 20.Qxh6+ Qg7 21.Ke2 Rac8
22.Kd3 Nb2+ 23.Kc2 Nc4 24.Kd3 Nb2+ 25.Kc2  1/2-1/2

[Event "HUN-ch"]
[Site "Budapest"]
[Date "1978.??.??"]
[Round "?"]
[White "Pinter, Jozsef"]
[Black "Groszpeter, Attila"]
[Result "1-0"]
[WhiteElo "2430"]
[BlackElo "2230"]

1.d4 Nf6 2.c4 g6 3.Nc3 d5 4.cxd5 Nxd5 5.e4 Nxc3 6.bxc3 Bg7 7.Bc4 O-O 8.Ne2 b6
9.Bd5 c6 10.Bb3 Bb7 11.Bg5 Qd7 12.O-O c5 13.d5 Ba6 14.c4 Qg4 15.Bxe7 Re8
16.f3 Qh5 17.Bd6 Bxa1 18.Qxa1 Nd7 19.Qc3 Rad8 20.Ng3 Qh6 21.f4 Qg7 22.e5 f6
23.e6 Nf8 24.Ne4 Nxe6 25.Nxf6+ Kf7 26.Be5 Nd4 27.Nxe8 Ne2+ 28.Kh1  1-0

[Event "Buenos Aires ol (Men)"]
[Site "Buenos Aires"]
[Date "1978.??.??"]
[Round "?"]
[White "Sakurai, Leonardo"]
[Black "Chandler, Murray G"]
[Result "0-1"]
[WhiteElo "2220"]
[BlackElo "2390"]

1.d4 Nf6 2.c4 g6 3.Nc3 d5 4.cxd5 Nxd5 5.e4 Nxc3 6.bxc3 Bg7 7.Bc4 O-O 8.Ne2 b6
9.O-O Bb7 10.Bd3 Qd7 11.Be3 Nc6 12.Rb1 Rfd8 13.Qd2 Ne5 14.Rfd1 Nxd3 15.Qxd3 Qa4
16.Rd2 Ba6 17.c4 Bxc4 18.Qc3 c5 19.Qb2 Bxe2 20.Rxe2 cxd4  0-1

[Event "Buenos Aires ol (Men)"]
[Site "Buenos Aires"]
[Date "1978.??.??"]
[Round "?"]
[White "Marquez, Raul"]
[Black "El Amri, S."]
[Result "1-0"]
[WhiteElo "2210"]
[BlackElo "2200"]

1.d4 Nf6 2.c4 g6 3.Nc3 d5 4.cxd5 Nxd5 5.e4 Nxc3 6.bxc3 Bg7 7.Bc4 O-O 8.Ne2 b6
9.h4 Ba6 10.Bxa6 Nxa6 11.h5 Qd7 12.hxg6 fxg6 13.Qb3+ e6 14.Be3 c6 15.Rd1 Nc7
16.Bf4 Rae8 17.Rd3 Rf7 18.Rdh3 Bh8 19.Be3 Ref8 20.Ng1 Bf6 21.Nf3 h5 22.Rg3 Kh7
23.Qd1 Rh8 24.Nd2 Rg7 25.e5 Bd8 26.Qc2 Kg8 27.Rxg6 Qf7 28.Rxg7+ Qxg7 29.Qe4 Nd5
30.c4 Ne7 31.Rh3 Qh7 32.Qh4 Qf7 33.Ne4 Kg7 34.Qf6+ Qxf6 35.exf6+ Kf7 36.fxe7 Bxe7
37.Ng5+ Kf6 38.Rf3+ Kg6 39.Nxe6 Bb4+ 40.Ke2 a5 41.Nf4+ Kg7 42.d5 b5 43.Bd4+  1-0

[Event "Buenos Aires ol (Men)"]
[Site "Buenos Aires"]
[Date "1978.??.??"]
[Round "?"]
[White "Calvo Minguez, Ricardo"]
[Black "Giffard, Nicolas"]
[Result "1-0"]
[WhiteElo "2455"]
[BlackElo "2365"]

1.d4 Nf6 2.c4 g6 3.Nc3 d5 4.cxd5 Nxd5 5.e4 Nxc3 6.bxc3 Bg7 7.Bc4 O-O 8.Ne2 Qd7
9.O-O Nc6 10.Be3 Na5 11.Bd3 b6 12.f3 Bb7 13.Rb1 Rfd8 14.Bg5 c6 15.Qa4 Qc7
16.Rfd1 c5 17.d5 c4 18.Bc2 Qc5+ 19.Kf1 Be5 20.Qb4 Bd6 21.e5 Bxe5 22.Qxc5 bxc5
23.Rb5 Bc7 24.Bxe7 Rd7 25.d6 Bb6 26.Rxa5 Bxa5 27.Ba4 Bc8 28.Nf4 Bxc3 29.Nd5 Be5
30.Re1 Rxd6 31.Rxe5 Re6 32.Rxe6 Bxe6 33.Nc3 Bf5 34.Bxc5 Bd3+ 35.Kf2 a6 36.a3 Rb8
37.Bb4 a5 38.Bxa5 Rb2+ 39.Kg1 h5 40.h4 Kh7 41.Bb4 Kg8 42.Bc6 f6 43.Nd5 Kf7
44.Nf4 Kg7 45.Bb5 Rb1+ 46.Kf2 Bf1 47.Nd5 Bd3 48.Ke3 g5 49.g3 Rb3 50.Nc3 Rb2
51.Be8 Bg6 52.Bc6 Rh2 53.a4 Bf5 54.a5 Bc8 55.Ne4 gxh4 56.gxh4 Rxh4 57.Bc3 Rh2
58.Bxf6+ Kg6 59.Be8+ Kh6 60.Bf7 Ra2 61.Bc3 Ba6 62.Kf4 Ra3 63.Bb4 Ra1 64.Bf8+ Kh7
65.Nf6+ Kh8 66.Kg5  1-0

[Event "Buenos Aires ol (Men)"]
[Site "Buenos Aires"]
[Date "1978.??.??"]
[Round "?"]
[White "Bouasria, M."]
[Black "Moraza, Manuel"]
[Result "0-1"]
[WhiteElo "2200"]
[BlackElo "2200"]

1.d4 Nf6 2.c4 g6 3.Nc3 d5 4.cxd5 Nxd5 5.e4 Nxc3 6.bxc3 Bg7 7.Bc4 O-O 8.Ne2 Nc6
9.O-O Na5 10.Qd3 Nxc4 11.Qxc4 b6 12.Ng3 Bb7 13.Be3 e6 14.Rad1 c5 15.f3 Qc8
16.Rf2 cxd4 17.Qxc8 Raxc8 18.cxd4 Rc3 19.Bf4 Rd8 20.Rfd2 Bc6 21.Ne2 Rc4 22.Be3 Ba4
23.Rc1 Rxc1+ 24.Nxc1 Rc8 25.Ne2 Rc2 26.Kf2 Kf8 27.Rxc2 Bxc2 28.Bd2 Bd3 29.Bc3 Bc4
30.a3 Ke7 31.Ng1 Kd7 32.Nh3 Bf6 33.Ke3 Be7 34.Bb2 Kc6 35.Kd2 Bf1 36.Ke1 Bxg2
37.Ng1 Bh4+ 38.Ke2 f5 39.exf5 gxf5 40.Bc3 Kd5 41.Be1 Bxe1 42.Kxe1 Kxd4 43.Kf2 Bh1
44.Ne2+ Kc4 45.Ng3 Bxf3 46.Kxf3 Kb3  0-1

[Event "Buenos Aires ol (Men)"]
[Site "Buenos Aires"]
[Date "1978.??.??"]
[Round "?"]
[White "Arafih, I."]
[Black "Moraza, Manuel"]
[Result "1-0"]
[WhiteElo "2200"]
[BlackElo "2200"]

1.d4 Nf6 2.c4 g6 3.Nc3 d5 4.cxd5 Nxd5 5.e4 Nxc3 6.bxc3 Bg7 7.Bc4 O-O 8.Ne2 Nc6
9.O-O b6 10.Be3 Bb7 11.Qd2 Na5 12.Bd3 Qd7 13.Rfd1 Rfd8 14.Bh6 c5 15.Bxg7 Kxg7
16.Qg5 cxd4 17.cxd4 Rac8 18.d5 Nc4 19.Nd4 Kh8 20.h4 Nb2 21.Rd2 Nxd3 22.Rxd3 Rc4
23.Rad1 Rdc8 24.h5 Rc3 25.hxg6 hxg6 26.Rxc3 Rxc3 27.Ne6 fxe6 28.Qe5+ Kh7
29.Qxc3 exd5 30.exd5 Bxd5 31.Rd3 Qc6 32.Rh3+ Kg8 33.Qh8+  1-0

[Event "Eerbeek"]
[Site "Eerbeek"]
[Date "1978.??.??"]
[Round "1"]
[White "Scheeren, Peter"]
[Black "Pribyl, Josef"]
[Result "1/2-1/2"]
[WhiteElo "2200"]
[BlackElo "2455"]

1.d4 Nf6 2.c4 g6 3.Nc3 d5 4.cxd5 Nxd5 5.e4 Nxc3 6.bxc3 Bg7 7.Bc4 O-O 8.Ne2 Qd7
9.O-O b6 10.Be3 Bb7 11.Bd3 c5 12.Rc1 c4 13.Bc2 Nc6 14.Qd2 e5 15.f4 Rad8 16.fxe5 Nxe5
17.Ng3 Qe6 18.Bh6 Bxh6 19.Qxh6 Nd3 20.Rf3 Nxc1 21.Qxc1 f6 22.Qh6 Qe7 23.h4 Bc8
24.h5 g5 25.Nf5 Bxf5 26.Rxf5 Qg7 27.Qxg7+ Kxg7 28.Ba4 Kf7 29.Bb5 Ke7 30.Kf2 Rc8
31.a4 Rfd8 32.Kf3 Rd6 33.g3 h6 34.Kg4 Re6 35.Rd5 Rxe4+ 36.Kf5 Re3 37.Rd7+ Kf8
38.Kxf6 Rf3+ 39.Kg6 a6 40.Rh7 Rd8 41.Rh8+ Ke7 42.Rxd8 Kxd8 43.Bxa6 Rxg3 44.Kxh6 Rxc3
45.Kg6 Rc1 46.h6 c3 47.Be2 Rh1 48.Bh5 Rf1 49.d5 c2 50.h7 c1=Q 51.h8=Q+ Kc7
52.Qe5+ Kb7 53.Qe7+ Kb8 54.Qd8+ Kb7 55.Qe7+ Kb8 56.Qd8+ Kb7  1/2-1/2

[Event "DDR-ch 27th"]
[Site "Eggesin/Torgelow"]
[Date "1978.??.??"]
[Round "3"]
[White "Moehring, Guenther"]
[Black "Uhlmann, Wolfgang"]
[Result "1-0"]
[WhiteElo "2405"]
[BlackElo "2575"]

1.d4 Nf6 2.c4 g6 3.Nc3 d5 4.cxd5 Nxd5 5.e4 Nxc3 6.bxc3 Bg7 7.Bc4 O-O 8.Ne2 b6
9.h4 Nc6 10.h5 Na5 11.Bd3 e5 12.dxe5 Bxe5 13.hxg6 fxg6 14.Bh6 Bg7 15.Bxg7 Kxg7
16.Qd2 Qe7 17.Rd1 Bb7 18.f3 Kg8 19.Qe3 Bd5 20.Rd2 Rad8 21.Kf2 Nc4 22.Bxc4 Bxc4
23.Rd4 Bxa2 24.Ra1 Be6 25.Rxa7 Qh4+ 26.Ng3 c5 27.Rxd8 Rxd8 28.Ra1 Bc4 29.Rh1 Qe7
30.e5 Rd3 31.Qf4 Bd5 32.Ne2 g5 33.Qf5 Rd2 34.Rh5 Be6 35.Rxg5+ Kh8 36.Qf4 Qd8
37.Rh5 Ra2 38.Rh6 Qe7 39.Rf6 b5 40.Rf8+ Kg7 41.Rb8  1-0

[Event "DDR-ch 27th"]
[Site "Eggesin/Torgelow"]
[Date "1978.??.??"]
[Round "4"]
[White "Knaak, Rainer"]
[Black "Heinig, Wolfram"]
[Result "1-0"]
[WhiteElo "2520"]
[BlackElo "2270"]

1.d4 Nf6 2.c4 g6 3.Nc3 d5 4.cxd5 Nxd5 5.e4 Nxc3 6.bxc3 Bg7 7.Bc4 O-O 8.Be3 c5
9.Ne2 cxd4 10.cxd4 Nc6 11.O-O Na5 12.Bd3 b6 13.Rc1 e6 14.Qd2 Bb7 15.h4 Qe7
16.Bg5 f6 17.Bf4 e5 18.dxe5 fxe5 19.Bg5 Bf6 20.Nc3 Bxg5 21.hxg5 Rf4 22.Rfd1 Raf8
23.f3 Kh8 24.Bf1 Qc5+ 25.Qf2 Qxf2+ 26.Kxf2 R4f7 27.Nd5 Bxd5 28.Rxd5 Re7 29.Ba6 Kg7
30.Ke3 h6 31.gxh6+ Kxh6 32.g3 Kg7 33.f4 exf4+ 34.gxf4 Nb7 35.Bxb7 Rxb7 36.Rg1 Kh7
37.Rdg5 Rf6 38.Rh1+ Kg7 39.f5 Kf8 40.Rh6  1-0

[Event "DDR-ch 27th"]
[Site "Eggesin/Torgelow"]
[Date "1978.??.??"]
[Round "14"]
[White "Knaak, Rainer"]
[Black "Uhlmann, Wolfgang"]
[Result "1-0"]
[WhiteElo "2520"]
[BlackElo "2575"]

1.d4 Nf6 2.c4 g6 3.Nc3 d5 4.cxd5 Nxd5 5.e4 Nxc3 6.bxc3 Bg7 7.Bc4 O-O 8.Be3 b6
9.h4 Bb7 10.Qf3 Qd7 11.Ne2 h5 12.Bg5 Nc6 13.Nf4 e6 14.Rd1 Na5 15.Bd3 c5 16.Nxh5 gxh5
17.Bf6 Bxf6 18.Qxf6 Qd8 19.Qh6 f6 20.Qg6+ Kh8 21.e5 f5 22.Qh6+ Kg8 23.Rh3 Kf7
24.Rg3  1-0

[Event "Wch U20"]
[Site "Graz"]
[Date "1978.??.??"]
[Round "1"]
[White "Cordes, Hans Joerg"]
[Black "Toshkov, Tihomir"]
[Result "1-0"]
[WhiteElo "2200"]
[BlackElo "2200"]

1.d4 Nf6 2.c4 g6 3.Nc3 d5 4.cxd5 Nxd5 5.e4 Nxc3 6.bxc3 Bg7 7.Bc4 c5 8.Ne2 Nc6
9.Be3 O-O 10.O-O Qc7 11.Rc1 Na5 12.Bd3 b6 13.e5 Be6 14.Qa4 Rfd8 15.f4 f5
16.c4 cxd4 17.Nxd4 Bd7 18.Qa3 Nc6 19.c5 Nxd4 20.Bxd4 Bc6 21.Be3 Qb7 22.Ba6 Qd7
23.Qb3+ Bd5 24.Bc4 Bxc4 25.Qxc4+ Qd5 26.cxb6 axb6 27.Bxb6 Qxc4 28.Rxc4 Rd2
29.a4 g5 30.g3 gxf4 31.gxf4 Kf7 32.Rf2 Rd1+ 33.Kg2 Bh6 34.Ra2 Rg8+ 35.Kf3 Rf1+
36.Bf2 Rb1 37.a5 Rb3+ 38.Be3 Rd8 39.Ke2 Rdd3 40.Bd2 Rh3 41.Kd1 Rxh2 42.a6 Rb1+
43.Kc2 Rf1 44.Kb3 Rb1+ 45.Kc3 Rc1+ 46.Kb4 Rb1+ 47.Kc5 Rb8 48.a7 Ra8 49.Kb6 Rg2
50.Kb7 Rgg8 51.Rac2  1-0

[Event "Wch U20"]
[Site "Graz"]
[Date "1978.??.??"]
[Round "7"]
[White "Rohland, Michael K"]
[Black "Tomaszewski, Roman"]
[Result "0-1"]
[WhiteElo "2200"]
[BlackElo "2200"]

1.d4 Nf6 2.c4 g6 3.Nc3 d5 4.cxd5 Nxd5 5.e4 Nxc3 6.bxc3 Bg7 7.Bc4 O-O 8.Ne2 c5
9.O-O cxd4 10.cxd4 Nc6 11.Be3 Bg4 12.f3 Na5 13.Bd5 Bd7 14.Rb1 a6 15.Bxb7 Ra7
16.Bd5 e6 17.Bb3 Bb5 18.a4 Bxe2 19.Qxe2 Bxd4 20.Rfd1 Nxb3 21.Rxb3 Bxe3+ 22.Rxe3 Qa5
23.Ra3 Rc7 24.Qd2 Qc5+ 25.Qe3 Qb4 26.Rdd3 Rc2 27.h4 Qb2 28.Qg5 Rc1+ 29.Kh2 Qb1
30.Qa5 Rh1+ 31.Kg3 Qg1 32.Ra2 Qh2+ 33.Kf2 Qxh4+ 34.Ke3 Qg3 35.Re2 g5 36.Qxa6 Qf4+
37.Kf2 g4 38.Red2 g3+ 39.Ke2 Rg1 40.Qc6 Rxg2+ 41.Kf1 Rxd2 42.Rxd2 Qxf3+  0-1

[Event "Las Palmas"]
[Site "Las Palmas"]
[Date "1978.??.??"]
[Round "?"]
[White "Olafsson, Fridrik"]
[Black "Stean, Michael"]
[Result "1/2-1/2"]
[WhiteElo "2530"]
[BlackElo "2510"]

1.d4 Nf6 2.c4 g6 3.Nc3 d5 4.cxd5 Nxd5 5.e4 Nxc3 6.bxc3 Bg7 7.Nf3 c5 8.Bb5+ Nc6
9.Rb1 O-O 10.d5 Na5 11.O-O e6 12.Bg5 f6 13.Be3 b6 14.Qc2 exd5 15.Rbd1 f5
16.exd5 f4 17.Bc1 Bg4 18.h3 Bxf3 19.gxf3 Qf6 20.Qe4 a6 21.Bd7 Rad8 22.Be6+ Kh8  1/2-1/2

[Event "Makarczyk mem"]
[Site "Lodz"]
[Date "1978.??.??"]
[Round "3"]
[White "Pribyl, Josef"]
[Black "Kirov, Nino"]
[Result "1/2-1/2"]
[WhiteElo "2455"]
[BlackElo "2465"]

1.d4 Nf6 2.c4 g6 3.Nc3 d5 4.cxd5 Nxd5 5.e4 Nxc3 6.bxc3 Bg7 7.Bc4 c5 8.Ne2 O-O
9.O-O Nc6 10.Be3 cxd4 11.cxd4 Na5 12.Bd3 Nc6 13.Bb5 Bd7 14.Rb1 e6 15.Qd2 a6
16.Bd3 Qa5 17.Qxa5 Nxa5  1/2-1/2

[Event "Lvov zt"]
[Site "Lvov"]
[Date "1978.??.??"]
[Round "1"]
[White "Bagirov, Vladimir"]
[Black "Tukmakov, Vladimir B"]
[Result "1/2-1/2"]
[WhiteElo "2495"]
[BlackElo "2560"]

1.d4 Nf6 2.c4 g6 3.Nc3 d5 4.cxd5 Nxd5 5.e4 Nxc3 6.bxc3 Bg7 7.Bc4 c5 8.Ne2 Nc6
9.Be3 O-O 10.O-O Na5 11.Bd3 b6 12.Rc1 cxd4 13.cxd4 e6 14.e5 Bb7 15.Nf4 Qd7
16.Qg4 Rac8 17.h4 Rxc1 18.Rxc1 Rc8 19.Rxc8+ Qxc8 20.h5 Nc4 21.Bxc4 Qxc4 22.Qg5 Qxa2
23.Qd8+ Bf8 24.Kh2 Qc4 25.hxg6 hxg6 26.Qg5 Qc6 27.f3 Bg7 28.Qd8+ Bf8 29.Qg5  1/2-1/2

[Event "Niksic"]
[Site "Niksic"]
[Date "1978.??.??"]
[Round "2"]
[White "Gligoric, Svetozar"]
[Black "Gulko, Boris F"]
[Result "0-1"]
[WhiteElo "2565"]
[BlackElo "2565"]

1.d4 Nf6 2.c4 g6 3.Nc3 d5 4.cxd5 Nxd5 5.e4 Nxc3 6.bxc3 Bg7 7.Bc4 O-O 8.Ne2 Qd7
9.O-O b6 10.Be3 Ba6 11.Bd5 Nc6 12.Qa4 Bb7 13.Nf4 Rad8 14.Qc2 e6 15.Bb3 Na5
16.d5 exd5 17.Nxd5 c6 18.Nf4 Qe7 19.Rfe1 Qe5 20.Rac1 Rd7 21.f3 Rfd8 22.Ne2 Nxb3
23.axb3 c5 24.Rcd1 a5 25.Rxd7 Rxd7 26.Rd1 Qe7 27.c4 Rxd1+ 28.Qxd1 f5 29.e5 Bxe5
30.Qd2 Qd6 31.Qxd6 Bxd6 32.Bg5 Bc7 33.Nc3 Bc6 34.Kf2 Kf7 35.h4 Be5 36.Bd2 Ke6
37.Ke2 Bf6 38.Be1 Kd6 39.Kd3 Bd7 40.Nd5 Bd8 41.Bg3+ Kc6 42.Nc3 f4 43.Bxf4 Bxh4
44.Kd2 h5 45.Be5 Bg5+ 46.f4 Bh4 47.Ne4 b5 48.g3 Be7 49.cxb5+ Kxb5 50.Kc3 Kc6
51.Nf6 Bf5 52.Kc4 Bd8 53.Kc3 a4 54.bxa4 Ba5+ 55.Kc4 Be1 56.a5 Bxg3 57.a6 Kb6
58.Nd5+ Kxa6 59.Kxc5 h4 60.Ne3 Bd3 61.Nd5  0-1

[Event "Niksic"]
[Site "Niksic"]
[Date "1978.??.??"]
[Round "3"]
[White "Hort, Vlastimil"]
[Black "Timman, Jan H"]
[Result "1/2-1/2"]
[WhiteElo "2620"]
[BlackElo "2585"]

1.d4 Nf6 2.c4 g6 3.Nc3 d5 4.cxd5 Nxd5 5.e4 Nxc3 6.bxc3 Bg7 7.Bc4 O-O 8.Ne2 c5
9.Be3 Nc6 10.O-O Bg4 11.f3 Na5 12.Bd5 Bd7 13.Rb1 Qc8 14.dxc5 e6 15.Bb3 Bb5
16.Qc2 Nc4 17.Bxc4 Bxc4 18.Rfd1 b6 19.Nc1 bxc5 20.Qa4 Qa6 21.Qxa6 Bxa6 22.Nb3 Rfc8
23.Nxc5 Rc6 24.Nxa6 Rxa6 25.Rd7 Rxa2 26.Rbb7 Bxc3 27.Rxa7  1/2-1/2

[Event "Roskilde"]
[Site "Roskilde"]
[Date "1978.??.??"]
[Round "4"]
[White "Rosenlund, Thorbjorn"]
[Black "Webb, Simon"]
[Result "1/2-1/2"]
[WhiteElo "2340"]
[BlackElo "2445"]

1.d4 Nf6 2.c4 g6 3.Nc3 d5 4.cxd5 Nxd5 5.e4 Nxc3 6.bxc3 Bg7 7.Bc4 c5 8.Ne2 Nc6
9.Be3 O-O 10.O-O cxd4 11.cxd4 Bg4 12.f3 Na5 13.Rc1 Nxc4 14.Rxc4 Bd7 15.Qb3 a6
16.Nc3 b5 17.Rc5 e6 18.Rc1 Qa5 19.Ne2 Rfc8 20.Kf2 Bf8 21.Rxc8 Rxc8 22.Rxc8 Bxc8
23.Qc2 Bd7 24.Nf4 Bd6 25.Nd3 b4 26.Nc5 Qc7 27.Qd2 a5 28.e5 Bxc5  1/2-1/2

[Event "Sao Paulo"]
[Site "Sao Paulo"]
[Date "1978.??.??"]
[Round "13"]
[White "Segal, Alexandru Sorin"]
[Black "Castro Rojas, Oscar Humberto"]
[Result "1/2-1/2"]
[WhiteElo "2395"]
[BlackElo "2425"]

1.d4 Nf6 2.c4 g6 3.Nc3 d5 4.cxd5 Nxd5 5.e4 Nxc3 6.bxc3 Bg7 7.Bc4 c5 8.Ne2 O-O
9.O-O Nc6 10.Be3 cxd4 11.cxd4 Bg4 12.f3 Na5 13.Bd5 Bd7 14.Rb1 a6  1/2-1/2

[Event "Rilton Cup"]
[Site "Stockholm"]
[Date "1978.??.??"]
[Round "5"]
[White "Burger, Karl"]
[Black "Winge, Stefan"]
[Result "1-0"]
[WhiteElo "2300"]
[BlackElo "1955"]

1.c4 Nf6 2.d4 g6 3.Nc3 d5 4.cxd5 Nxd5 5.e4 Nxc3 6.bxc3 Bg7 7.Bc4 c5 8.Ne2 O-O
9.O-O Nc6 10.Be3 cxd4 11.cxd4 a6 12.Rc1 Bg4 13.f3 Bd7 14.Qd2 Na5 15.Bd3 Bb5
16.d5 Bxd3 17.Qxd3 b5 18.Nd4 Nc4 19.Nc6 Qd7 20.Bd4 Bxd4+ 21.Qxd4 e6 22.Qf6 Rfe8
23.Rfe1 Qd6 24.Qd4 Rac8 25.Rcd1 exd5 26.exd5 Qd7 27.Qf6 Ne3 28.Rxe3 Rxe3
29.Ne5 Qa7 30.Kf1 Re8 31.Ng4 Re2 32.d6 h5 33.Nh6+ Kh7 34.Qxf7+ Qxf7 35.Nxf7 Kg7
36.Ng5 R2e5 37.f4 Rf5 38.d7 Rxf4+ 39.Kg1 Ref8 40.Ne6+ Kf7 41.Nxf8  1-0

[Event "Rilton Cup"]
[Site "Stockholm"]
[Date "1978.??.??"]
[Round "9"]
[White "Berkell, Peder"]
[Black "Pirttimaki, Timo"]
[Result "1-0"]
[WhiteElo "2240"]
[BlackElo "2200"]

1.d4 Nf6 2.c4 g6 3.Nc3 d5 4.cxd5 Nxd5 5.e4 Nxc3 6.bxc3 Bg7 7.Bc4 c5 8.Ne2 Nc6
9.Be3 O-O 10.O-O Qc7 11.Rc1 Rd8 12.f4 e6 13.g4 Na5 14.Bd3 f5 15.Qe1 b6 16.Qh4 Bb7
17.gxf5 gxf5 18.Ng3 cxd4 19.cxd4 Qd7 20.d5 Rf8 21.Rf3 Rf6 22.exf5 exf5 23.Nxf5 Rxf5
24.Bxf5 Qxf5 25.Rg3 Rc8 26.Qh6 Rxc1+ 27.Bxc1 Qf8 28.Ba3 Kh8 29.Bxf8 Bxh6
30.Bxh6 Bxd5 31.Bg7+ Kg8 32.Bc3+ Kf8 33.Bxa5 bxa5 34.Ra3 Bc4 35.Rxa5 a6 36.Kf2  1-0

[Event "Tatran Cup"]
[Site "Strbske Pleso"]
[Date "1978.??.??"]
[Round "11"]
[White "Ftacnik, Lubomir"]
[Black "Banas, Jan"]
[Result "1-0"]
[WhiteElo "2380"]
[BlackElo "2385"]

1.d4 Nf6 2.c4 g6 3.Nc3 d5 4.cxd5 Nxd5 5.e4 Nxc3 6.bxc3 Bg7 7.Bc4 O-O 8.Ne2 c5
9.O-O Nc6 10.Be3 Na5 11.Bd3 cxd4 12.cxd4 b6 13.Rc1 e6 14.Qd2 Bb7 15.Bh6 Qe7
16.Bxg7 Kxg7 17.Qf4 Rac8 18.h4 Nc6 19.d5 exd5 20.exd5 Ne5 21.Qd4 Qf6 22.h5 Rcd8
23.Be4 Ba6 24.Rc6 Rd6 25.Rxd6 Qxd6 26.f4 Bxe2 27.fxe5 Qc5 28.Qxc5 bxc5 29.Rc1 Rc8
30.hxg6 hxg6 31.Kf2 Bb5 32.Ke3 f6 33.Rb1 Ba6 34.e6 Re8 35.Ra1 Bb5 36.a4 Bc4
37.Rc1 Bb3 38.Rxc5 f5 39.Bd3 Kf6 40.Kd4 Bxa4 41.Rc7 a5 42.Rf7+ Kg5 43.Ke5 Bb3
44.Bb5 Rb8 45.Bc6  1-0

[Event "Vrnjacka Banja"]
[Site "Vrnjacka Banja"]
[Date "1978.??.??"]
[Round "?"]
[White "Nikolac, Juraj"]
[Black "Jansa, Vlastimil"]
[Result "1-0"]
[WhiteElo "2495"]
[BlackElo "2505"]

1.d4 Nf6 2.c4 g6 3.Nc3 d5 4.cxd5 Nxd5 5.e4 Nxc3 6.bxc3 Bg7 7.Bc4 O-O 8.Ne2 b6
9.O-O Bb7 10.f3 Nc6 11.Be3 e6 12.Qd2 Na5 13.Bd3 c5 14.dxc5 Qd7 15.cxb6 Rfd8
16.Rfd1 axb6 17.Qb2 Qa4 18.Rd2 Bf8 19.Qxb6 Rd6 20.Qb5 Qxb5 21.Bxb5 Rxd2 22.Bxd2 Nb3
23.Rd1 Rxa2 24.Bg5 h6 25.Bf6 Nd2 26.Nc1 Rb2 27.Nd3 Nxf3+ 28.gxf3 Rxb5 29.Ne5 Bg7
30.Rd8+ Kh7 31.Nd7 Bxf6 32.Nxf6+ Kg7 33.Ne8+ Kh7 34.Nd6 Rb1+ 35.Kf2 g5 36.Rd7 Ba6
37.Nxf7 Rb2+ 38.Ke1 Kg6 39.Ne5+ Kf6 40.Ng4+ Kg6 41.Rd6 Bc8 42.Rd8 Ba6 43.Rg8+ Kf7
44.Nxh6+ Ke7 45.Ng4 Re2+ 46.Kd1 Rg2 47.Ne5 Be2+ 48.Ke1 Kf6 49.f4 Bh5 50.Nd7+ Kf7
51.Rxg5 Rxh2 52.Ne5+ Kf6 53.Nd7+ Kf7 54.c4 Rh4 55.Kd2 Rh2+ 56.Kd3 Ke7 57.Ne5 Rh1
58.Kd4 Rd1+ 59.Kc5 Be8 60.Rg7+ Kf8 61.Rh7 Rd2 62.Rh6 Ke7 63.f5 exf5 64.exf5 Rf2
65.Re6+ Kd8 66.f6 Rf5 67.Kb6 Rf4 68.Rd6+ Kc8 69.f7 Rxf7 70.Nxf7  1-0

[Event "Hoogovens"]
[Site "Wijk aan Zee"]
[Date "1978.??.??"]
[Round "?"]
[White "Kavalek, Lubomir"]
[Black "Timman, Jan H"]
[Result "1/2-1/2"]
[WhiteElo "2570"]
[BlackElo "2585"]

1.d4 Nf6 2.c4 g6 3.Nc3 d5 4.cxd5 Nxd5 5.e4 Nxc3 6.bxc3 Bg7 7.Bc4 O-O 8.Ne2 c5
9.O-O Nc6 10.Be3 cxd4 11.cxd4 Bg4 12.f3 Na5 13.Bd3 Be6 14.d5 Bxa1 15.Qxa1 f6
16.Rb1 Bd7 17.Bh6 Rf7 18.e5 fxe5 19.Qxe5 b5 20.Be3 Qb8 21.Qc3 Qd8 22.Qe5 Qb8
23.Qc3 Qd8  1/2-1/2

[Event "DEN-ch"]
[Site "Alborg"]
[Date "1979.??.??"]
[Round "4"]
[White "Hvenekilde, Jorgen"]
[Black "Fries Nielsen, Jens Ove"]
[Result "1/2-1/2"]
[WhiteElo "2285"]
[BlackElo "2310"]

1.d4 Nf6 2.c4 g6 3.Nc3 d5 4.cxd5 Nxd5 5.e4 Nxc3 6.bxc3 Bg7 7.Ba3 Nd7 8.Nf3 c5
9.Bc4 cxd4 10.O-O Nb6 11.cxd4 Nxc4 12.Qa4+ Bd7 13.Qxc4 O-O 14.Rab1 b5 15.Qe2 Rc8
16.Rfd1 a5 17.Bc5 b4 18.Qe3 Ba4 19.Rdc1 Qd7 20.h3 Rfe8 21.d5 f5 22.Bd4 fxe4
23.Bxg7 exf3 24.Bb2 Rxc1+ 25.Rxc1 Qxd5 26.Rc5 Qd1+ 27.Kh2 Bd7 28.gxf3 Qf1
29.Rh5 gxh5 30.Qg5+ Kf7 31.Qxh5+ Kg8 32.Qg5+ Kf7 33.Qg7+ Ke6  1/2-1/2

[Event "AUT-ch"]
[Site "AUT"]
[Date "1979.??.??"]
[Round "1"]
[White "Danner, Georg"]
[Black "Wittmann, Walter"]
[Result "1/2-1/2"]
[WhiteElo "2335"]
[BlackElo "2360"]

1.d4 Nf6 2.c4 g6 3.Nc3 d5 4.cxd5 Nxd5 5.e4 Nxc3 6.bxc3 Bg7 7.Bc4 O-O 8.Ne2 c5
9.O-O Nc6 10.Be3 Na5 11.Bd3 b6 12.Rc1 cxd4 13.cxd4 e6 14.Qd2 Bb7 15.Bh6 Qe7
16.Bxg7 Kxg7 17.Qf4  1/2-1/2

[Event "Breda m"]
[Site "Breda"]
[Date "1979.??.??"]
[Round "6"]
[White "Polugaevsky, Lev"]
[Black "Timman, Jan H"]
[Result "0-1"]
[WhiteElo "2625"]
[BlackElo "2625"]

1.d4 Nf6 2.c4 g6 3.Nc3 d5 4.cxd5 Nxd5 5.e4 Nxc3 6.bxc3 Bg7 7.Bc4 O-O 8.Ne2 c5
9.O-O Nc6 10.Be3 Bg4 11.d5 Na5 12.Bd3 c4 13.Bc2 Bxc3 14.Rb1 Bg7 15.f3 Bd7
16.f4 b5 17.e5 a6 18.Nc3 Rb8 19.Ba7 Rb7 20.Bc5 Re8 21.Qf3 Rb8 22.Qf2 Qc8
23.Ba7 Ra8 24.Bb6 Nb7 25.h3 Bf5 26.Ne4 Qd7 27.g4 Bxe4 28.Bxe4 Rac8 29.a4 c3
30.axb5 axb5 31.Rfc1 Bh6 32.g5 Bg7 33.Qe3 h6 34.gxh6 Bxh6 35.Rxc3 Rxc3 36.Qxc3 Rc8
37.Qg3 Rc4 38.Re1 e6 39.f5 exf5 40.Bg2 Bf4 41.Qf2 Qe7 42.d6 Nxd6 43.exd6 Qxd6
44.Re8+ Kh7 45.Rd8 Bh2+ 46.Kh1 Rc1+ 47.Bf1 Rxf1+ 48.Qxf1 Qxb6 49.Rd5 Bc7
50.Rxb5 Qc6+ 51.Kg1 Bb6+ 52.Kh2 Qc2+ 53.Qg2 Qc7+ 54.Qg3 Bg1+ 55.Kg2 Qc6+
56.Kxg1 Qxb5 57.Qh4+ Kg7 58.Qd4+ f6 59.Qa7+ Kh6 60.Qf7 Qe5 61.Kg2 f4 62.Qf8+ Kg5
63.Qc8 f3+  0-1